Panegíricos a los mártires / (Registro nro. 63632)
[ vista simple ]
| 000 -LEADER | |
|---|---|
| fixed length control field | 00766nam a2200241 a 4500 |
| 001 - CONTROL NUMBER | |
| control field | 63632 |
| 005 - DATE AND TIME OF LATEST TRANSACTION | |
| control field | 20180714070140.0 |
| 008 - FIXED-LENGTH DATA ELEMENTS--GENERAL INFORMATION | |
| fixed length control field | 150928s2004 sp r 000 0 spa d |
| 020 ## - INTERNATIONAL STANDARD BOOK NUMBER | |
| International Standard Book Number | 978-84-9715-125-2 |
| 082 0# - DEWEY DECIMAL CLASSIFICATION NUMBER | |
| Classification number | 241.3 |
| Item number | BAS |
| 100 1# - MAIN ENTRY--PERSONAL NAME | |
| Personal name | Basilio |
| Titles and words associated with a name | Santo, Obispo de Cesarea |
| Dates associated with a name | aproximadamente 329-379. |
| 245 10 - TITLE STATEMENT | |
| Title | Panegíricos a los mártires / |
| Statement of responsibility, etc. | Basilio. |
| 250 ## - EDITION STATEMENT | |
| Edition statement | [Primera edición] |
| 264 #1 - PRODUCTION, PUBLICATION, DISTRIBUTION, MANUFACTURE, AND COPYRIGHT NOTICE | |
| Place of production, publication, distribution, manufacture | México : |
| Name of producer, publisher, distributor, manufacturer | Editorial Ciudad Nueva, |
| Date of production, publication, distribution, manufacture, or copyright notice | 2007 |
| 300 ## - PHYSICAL DESCRIPTION | |
| Extent | 174 páginas ; |
| Dimensions | 21cm. |
| 336 ## - CONTENT TYPE | |
| Content type term | texto |
| Source | rdacontent |
| 337 ## - MEDIA TYPE | |
| Media type term | sin mediación |
| Source | rdamedia |
| 338 ## - CARRIER TYPE | |
| Carrier type term | volumen |
| Source | rdacarrier |
| 490 0# - SERIES STATEMENT | |
| Series statement | Biblioteca de patrística |
| Volume/sequential designation | 73 |
| 650 #4 - SUBJECT ADDED ENTRY--TOPICAL TERM | |
| Topical term or geographic name entry element | Martires |
| 650 #4 - SUBJECT ADDED ENTRY--TOPICAL TERM | |
| Topical term or geographic name entry element | Pecado |
| 700 1# - ADDED ENTRY--PERSONAL NAME | |
| Personal name | Valdés García, María Alejandra |
| Relator term | traductor |
| Withdrawn status | Lost status | Source of classification or shelving scheme | Damaged status | Not for loan | Collection code | Home library | Current library | Shelving location | Date acquired | Source of acquisition | Inventory number | Total Checkouts | Full call number | Barcode | Date last seen | Price effective from | Koha item type |
|---|---|---|---|---|---|---|---|---|---|---|---|---|---|---|---|---|---|
| Dewey Decimal Classification | General | Biblioteca Karol Wojtyla | Biblioteca Karol Wojtyla | Sala general | 28/09/2015 | Compra | 151000000000000000056858 | 241.3 BAS 2007 | 94519 | 05/01/2026 | 13/11/2015 | Libro |